| 000 | 00000nam 2200000zi 4500 |
| 001 | 9.867753 |
| 003 | CaOODSP |
| 005 | 20241203113645 |
| 006 | m o d f |
| 007 | cr nn||||||||| |
| 008 | 190130s1987 oncab ob f000 0 eng d |
| 040 | |aCaOODSP|beng|erda|cCaOODSP |
| 041 | |aeng|bfre |
| 043 | |an-cn-on|an-us-ny |
| 086 | 1 |aEn13-5/87-25E-PDF |
| 100 | 1 |aOliver, Barry G., |eauthor. |
| 245 | 10|aDistribution, redistribution and geochronology of PCB cogeners and other chlorinated hydrocarbons in Lake Ontario sediments / |cBarry G. Oliver, Murray N. Charlton and Raymond H. Durham. |
| 264 | 1|aBurlington, Ontario : |bEnvironmental Contaminants Division, National Water Research Institute, Canada Centre for Inland Waters, |c[1987] |
| 300 | |a1 online resource (18 pages, 19 unnumbered pages) : |billustrations, maps. |
| 336 | |atext|btxt|2rdacontent |
| 337 | |acomputer|bc|2rdamedia |
| 338 | |aonline resource|bcr|2rdacarrier |
| 490 | 1 |aNWRI contribution ; |vno. 87-25 |
| 500 | |aCover title. |
| 500 | |a"Division control no. ECD-132." |
| 500 | |a"This manuscript has been submitted to Environmental Science and Technology and the contents are subject to change. This copy is to provide information prior to publication." |
| 500 | |aDigitized edition from print [produced by Environment and Climate Change Canada]. |
| 504 | |aIncludes bibliographical references. |
| 546 | |aIncludes abstract, management perspective and executive summary in French. |
| 693 | 4|aContaminated sediments--Ontario, Lake (N.Y. and Ont.) |
| 693 | 4|aOrganochlorine compounds--Ontario, Lake (N.Y. and Ont.) |
| 700 | 1 |aDurham, R. W. |q(Ray Wilson), |d1923- |eauthor. |
| 700 | 1 |aCharlton, Murray N., |eauthor. |
| 710 | 1 |aCanada. |bEnvironment Canada. |
| 710 | 2 |aNational Water Research Institute (Canada) |
| 830 | #0|aNWRI contribution ;|vno. 87-25.|w(CaOODSP)9.844121 |
| 856 | 40|qPDF|s2.68 MB|uhttps://publications.gc.ca/collections/collection_2019/eccc/En13-5-87-25-eng.pdf |